00357nam a2200157Ia 45000010006000000050017000060080041000230410008000640820015000721000022000872450034001092600009001433000031001526500008001836540008001911439320260306164911.0260306t1988||||xx |||||||||||||| ||spa|| aESP a512.5bS21 aSanz, PalomaeAUT 0aProblemas de álgebra lineal c1988 ax, 560 páginas :c27 cm. aGEN aCMA